| 000 | 00824nam0a22002651 4500 | ||
|---|---|---|---|
| 001 | rc\3343772 | ||
| 005 | 20130115152001.7 | ||
| 021 |
_aRU _b[72-84950] |
||
| 035 | _a(NLR Aleph) 007518459 | ||
| 090 |
_a7717666 _c7717666 |
||
| 100 | _a20130115d1972 |||y0rusy50 ca | ||
| 101 | 0 | _arus | |
| 102 | _aRU | ||
| 105 | _ay z |||a| | ||
| 200 | 1 |
_aСлужу в солдатах _eПовесть _f[Вступ. статья В. Александрова] |
|
| 210 |
_aКиев _cМолодь _d1972 |
||
| 215 |
_a132 с. _d17 |
||
| 606 |
_aСоветская Армия (х. л.) _2psbo |
||
| 700 | 1 |
_aТорин _bВ. Е. _f1911- _gВладимир Ефремович |
|
| 702 | 1 |
_aАлександров _bВ. _4080 |
|
| 801 | 0 |
_aRU _bNLR _gpsbo |
|
| 801 | 1 |
_aRU _bELAR _2rusmarc |
|
| 852 |
_aNLR _j72-2/2099 |
||
| 942 | _cBOOK | ||
| 980 | _aNB | ||